Statistics for Lady Gaga Charting Songs (Billboard Club Play)

Click here to take the quiz!

General Stats

  • This quiz has been taken 14 times
  • The average score is 15 of 23

Answer Stats

AlbumWeeks OnPeakArtist(s)Song% Correct
Born This Way13 Weeks#1 (1 Week)Lady GagaBorn This Way
100%
The Fame15 Weeks#1 (1 Week)Lady GagaPoker Face
100%
The Fame Monster16 Weeks#1 (1 Week)Lady Gaga ft. BeyonceTelephone
100%
A Star Is Born12 Weeks#1 (1 Week)Lady Gaga & Bradley CooperShallow
93%
The Fame12 Weeks#1 (1 Week)Lady GagaPaparazzi
86%
The Fame Monster14 Weeks#1 (1 Week)Lady GagaAlejandro
79%
The Fame Monster15 Weeks#1 (2 Weeks)Lady GagaBad Romance
79%
The Fame14 Weeks#2Lady Gaga ft. Colby O'DonisJust Dance
79%
ARTPOP12 Weeks#1 (1 Week)Lady GagaApplause
71%
Born This Way13 Weeks#1 (1 Week)Lady GagaThe Edge of Glory
71%
Born This Way12 Weeks#1 (1 Week)Lady GagaJudas
64%
The Fame14 Weeks#1 (1 Week)Lady GagaLoveGame
57%
Born This Way11 Weeks#1 (1 Week)Lady GagaMarry the Night
57%
ARTPOP11 Weeks#4Lady GagaG.U.Y.
50%
Joanne9 Weeks#33Lady GagaMillion Reasons
50%
The Fame Monster8 Weeks#29Lady GagaMonster
50%
Joanne9 Weeks#13Lady GagaPerfect Illusion
50%
Chromatica3 Weeks#14Lady GagaStupid Love
50%
Non-Album Single9 Weeks#23Lady GagaThe Cure
50%
Born This Way11 Weeks#1 (1 Week)Lady GagaYou and I
50%
I Am... Sasha Fierce12 Weeks#1 (1 Week)Beyonce ft. Lady GagaVideo Phone
43%
ARTPOP13 Weeks#7Lady Gaga ft. R. KellyDo What U Want
36%
Non-Album Single13 Weeks#1 (1 Week)Lady GagaTil It Happens to You
21%

Score Distribution

Percentile by Number Answered

Percent of People with Each Score

Your Score History

You have not taken this quiz